| 000 | 00000nam 2200000zi 4500 |
| 001 | 9.929501 |
| 003 | CaOODSP |
| 005 | 20250106153708 |
| 006 | m o d f |
| 007 | cr mn||||||||| |
| 008 | 231026e20230216onca ob f000 0 eng d |
| 020 | |a9780660685014 |
| 040 | |aCaOODSP|beng|erda|cCaOODSP |
| 043 | |an-cn--- |
| 086 | 1 |aHR4-108/2023E-PDF |
| 245 | 00|aFast talk on environmental racism in Canada : |bsummary report. |
| 264 | 1|a[Ottawa] : |bCanadian Human Rights Commission = Commission canadienne des droits de la personne, |cFebruary 16, 2023. |
| 264 | 4|c©2023 |
| 300 | |a1 online resource (18 pages) : |bcolour illustrations |
| 336 | |atext|btxt|2rdacontent |
| 337 | |acomputer|bc|2rdamedia |
| 338 | |aonline resource|bcr|2rdacarrier |
| 500 | |aIssued also in French under title: Discussion éclair sur le racisme environnemental au Canada : rapport sommaire. |
| 500 | |a"Human Rights." |
| 504 | |aIncludes bibliographical references. |
| 650 | 0|aEnvironmental racism|zCanada. |
| 650 | 0|aMinorities|xCivil rights|zCanada. |
| 710 | 2 |aCanadian Human Rights Commission, |eissuing body. |
| 775 | 08|tDiscussion éclair sur le racisme environnemental au Canada : |w(CaOODSP)9.929502 |
| 856 | 40|qPDF|s458 KB|uhttps://publications.gc.ca/collections/collection_2024/ccdp-chrc/HR4-108-2023-eng.pdf |
| 856 | 4 |qHTML|sN/A|uhttps://www.chrc-ccdp.gc.ca/resources/publications/fast-talk-environmental-racism-canada |